00548nam a22001937a 450000500170000001000130001702000210003003500130005103700160006404000120008008200150009210000170010724500730012426000490019727000480024630000280029465000140032265000180033620170124110211.0 aB-031394 c395.00a81879026 aB-031394 bCen Lib/Ret aDPLbEN a158.1bJAI aJain, Manish aBe come happy prosperous & powerful in 48 minutes /cby Manish Jain aNew DelhibCare & Cure Internatrional c1999 aA-56/A, Lajpat Nagar-II bNew Delhie110024 a284p. :c24cm(Hb)bill. aHappiness aPersonalities